Stay hungry stay foolish / (Record no. 53936)

MARC details
000 -LEADER
fixed length control field 00384nam a2200145Ia 4500
005 - DATE AND TIME OF LATEST TRANSACTION
control field 20260430133755.0
008 - FIXED-LENGTH DATA ELEMENTS--GENERAL INFORMATION
fixed length control field 260429s9999||||xx |||||||||||||| ||und||
020 ## - INTERNATIONAL STANDARD BOOK NUMBER
International Standard Book Number 9788190453011
082 ## - DEWEY DECIMAL CLASSIFICATION NUMBER
Classification number 338.04
Item number BAN
100 ## - MAIN ENTRY--PERSONAL NAME
Personal name Bansal, Rashmi
245 #0 - TITLE STATEMENT
Title Stay hungry stay foolish /
Statement of responsibility, etc Rashmi Bansal
260 ## - PUBLICATION, DISTRIBUTION, ETC. (IMPRINT)
Place of publication, distribution, etc Ahmedabad :
Name of publisher, distributor, etc IIM Ahmedabad,
Date of publication, distribution, etc 2008.
300 ## - PHYSICAL DESCRIPTION
Extent 330 p.; pbk
942 ## - ADDED ENTRY ELEMENTS (KOHA)
Koha item type Text Books
Holdings
Withdrawn status Lost status Damaged status Not for loan Home library Location Shelving location Date of Cataloging Source of acquisition Total Checkouts Full call number Barcode Date last seen Price effective from Koha item type
        CUTN Central Library CUTN Central Library Social Sciences 30/04/2026 Gratis   338.04 BAN 55924 30/04/2026 30/04/2026 Text Books